| 000 | 00886nam a2200253 a 4500 | ||
|---|---|---|---|
| 003 | CO-ViMGA | ||
| 005 | 20240805172524.0 | ||
| 008 | 141112s1995 mx a r 000 u spa d | ||
| 020 | _a9681647637 | ||
| 040 |
_aCO-ViMGA _bspa _cCO-ViMGA |
||
| 084 | _aC POS1 | ||
| 100 | 1 |
_aPosadaS, Carmen _d1953 - _eCarmen Posadas; ilustraciones, Araceli Suárez _942040 |
|
| 245 | 1 | 0 |
_aMaría Celeste / _cCarmen Posadas ; ilustraciones Araceli Suárez Gómez |
| 250 | _aSegunda edición | ||
| 264 |
_aMéxico _bFondo de Cultura Económica _c1995 |
||
| 300 |
_a44 páginas _bilustraciones en blanco y negro _c19 x 15cm |
||
| 490 | _aA la Orilla del Viento | ||
| 650 | 1 | 4 |
_acuentos infantiles uruguayos _2LEMB |
| 650 | 1 | 4 |
_acuentos marinos _2LEMB _942041 |
| 650 | 1 | 4 |
_anaufragios _2LEMB _942042 |
| 650 | 1 | 4 |
_aocéano _2LEMB _942043 |
| 700 | 1 |
_aSuárez Gómez, Arceli, il. _942044 |
|
| 942 |
_2ddc _cBKINF |
||
| 999 |
_c11068 _d11068 |
||